Prameň kultúrno-spoločenský časopis Slovákov v Chorvátsku
| Other Authors: | |
|---|---|
| Format: | Journal |
| Language: | Slovak |
| PhysicalDescription: | zv. ilustr. 28 cm |
| Published: |
Našice
Zväz Slovákov
1992-
Našice Matica slovenská v Chorvátsku Našice Matica slovenská v Chorvátskej republike Našice |
| ISSN: | 1330-0512 |
| Subjects: | |
| Online Access: | http://www.savez-slovaka.hr/sk/pramen-sk?limitstart=0 |
MARC
| LEADER | 00000nas a2200000 a 4500 | ||
|---|---|---|---|
| 001 | vtls001432152 | ||
| 003 | SK-MaSNL | ||
| 005 | 20260228160653.0 | ||
| 008 | 120222c19929999ci mr p 0 0b0slo | ||
| 022 | |a 1330-0512 | ||
| 035 | |a SNK000387209 | ||
| 040 | |a SNK |b slo |c SNK |b SVKBB |e AACR2 | ||
| 041 | 0 | |a slo | |
| 043 | |a e-ci--- | ||
| 044 | |a ci |c HR | ||
| 080 | |a 050 |2 2001 | ||
| 080 | |a 323.15 |2 2001 | ||
| 080 | |a (=162.4) |2 2001 | ||
| 080 | |a (497.5) |2 2001 | ||
| 210 | 0 | |a Prameň |b (Našice) | |
| 222 | 0 | |a Prameň |b (Našice) | |
| 245 | 0 | 0 | |a Prameň |b kultúrno-spoločenský časopis Slovákov v Chorvátsku |
| 260 | |a Našice |b Zväz Slovákov |c 1992- | ||
| 260 | 2 | |3 1994-1997 |a Našice |b Matica slovenská v Chorvátsku | |
| 260 | 2 | |3 1998-[2014] |a Našice |b Matica slovenská v Chorvátskej republike | |
| 260 | 3 | |3 2015- |a Našice |b Zväz Slovákov | |
| 300 | |a zv. |b ilustr. |c 28 cm | ||
| 310 | |a 1x mesačne | ||
| 362 | 0 | |a [Č. 1 (1992)]-č. 11/12 (1995) ; roč. 5, č. 1 (1996)- | |
| 500 | |a Popis podľa: Roč. XV, č. 1 (2006) | ||
| 500 | |a Šéfredaktor: ?- , Andrej Kuric | ||
| 515 | |a V čísle 1,2 v roku 2016 je chybne uvedený ročník 24 | ||
| 650 | 0 | 7 | |a národnostné menšiny |2 SNKPH |9 2669 |
| 650 | |a Slováci v zahraničí |2 SNKPH |9 14695 | ||
| 651 | 7 | |a Chorvátsko |2 SNKPH |9 16553 | |
| 655 | 7 | |a krajanské periodiká |2 SNKPH |9 110004 | |
| 700 | 1 | |a Kuric, Andrej, |d 1954- |4 pbd |9 100471 | |
| 852 | |a Štátna vedecká knižnica v Banskej Bystrici | ||
| 856 | 4 | 1 | |u http://www.savez-slovaka.hr/sk/pramen-sk?limitstart=0 |
| 910 | |a snk | ||
| 999 | |c 3300 |d 5230 | ||
| 952 | |0 0 |1 0 |4 0 |7 0 |8 2 |a SNK |b SNK |d 2010-03-24 |i snk2010/6052 |l 0 |o snkČSB 4535/16/2007 |p 17A0635572 |r 2026-02-21 19:32:01 |t č. 1-12 |w 2026-02-21 |y PREZ | ||
| 952 | |0 0 |1 0 |4 0 |7 0 |8 2 |a SNK |b SNK |d 2019-03-15 |i snk2019/7131 |l 0 |o snkČSB 4535/25/2016 |p 17A1365484 |r 2026-02-21 19:39:50 |t č. 1-12 |w 2026-02-21 |y PREZ | ||
| 952 | |0 0 |1 0 |4 0 |7 0 |8 2 |a SNK |b SNK |d 2014-10-14 |i snk2014/21752 |l 0 |o snkČSB 4535/19/2010 D1 |p 17A0870259 |r 2026-02-21 19:44:57 |t č. 1-12, neúplné |w 2026-02-21 |y PREZ |z chýba č. 1-5, 7-12 | ||
| 952 | |0 0 |1 0 |4 0 |7 0 |8 2 |a SNK |b SNK |d 2014-10-14 |i snk2014/21753 |l 0 |o snkČSB 4535/21/2012 D1 |p 17A0870260 |r 2026-02-21 19:44:57 |t č. 1-12, neúpl. |w 2026-02-21 |y PREZ |z chýba č. 1-2, 5-12 | ||
| 952 | |0 0 |1 0 |4 0 |7 0 |8 2 |a SNK |b SNK |d 2010-07-23 |i snk2010/15646 |l 0 |o snkČSB 4535/17/2008 |p 17A0635911 |r 2026-02-21 19:53:44 |t č. 1-12 |w 2026-02-21 |y PREZ | ||
| 952 | |0 0 |1 0 |4 0 |7 0 |8 2 |a SNK |b SNK |d 2012-03-16 |i snk2012/6482 |l 0 |o snkČSB 4535/18/2009 |p 17A0719282 |r 2026-02-21 20:23:14 |t č. 1-12 |w 2026-02-21 |y PREZ | ||
| 952 | |0 0 |1 0 |4 0 |7 0 |8 2 |a SNK |b SNK |d 2012-03-16 |i snk2012/6483 |l 0 |o snkČSB 4535/18/2009 D1 |p 17A0719283 |r 2026-02-21 20:23:14 |t č. 1-12, neúplné |w 2026-02-21 |y PREZ |z Chýba č. 6,9,12 | ||
| 952 | |0 0 |1 0 |4 0 |7 0 |8 2 |a SNK |b SNK |d 2012-03-16 |i snk2012/6484 |l 0 |o snkČSB 4535/19/2010 |p 17A0868137 |r 2026-02-21 20:23:14 |t č. 1-12 |w 2026-02-21 |y PREZ | ||
| 952 | |0 0 |1 0 |4 0 |7 0 |8 2 |a SNK |b SNK |d 2008-05-29 |i snk2008/11477 |l 0 |o snkČSB 4535/13/2004 |p 17A0574995 |r 2026-02-21 21:12:14 |t č. 1-12 |w 2026-02-21 |y PREZ | ||
| 952 | |0 0 |1 0 |4 0 |7 0 |8 2 |a SNK |b SNK |d 2008-05-29 |i snk2008/11478 |l 0 |o snkČSB 4535/14/2005 |p 17A0574996 |r 2026-02-21 21:12:14 |t č. 1-12 |w 2026-02-21 |y PREZ | ||
| 952 | |0 0 |1 0 |4 0 |7 0 |8 2 |a SNK |b SNK |d 2008-05-29 |i snk2008/11479 |l 0 |o snkČSB 4535/15/2006 |p 17A0574997 |r 2026-02-21 21:12:14 |t č. 1-12 |w 2026-02-21 |y PREZ | ||
| 952 | |0 0 |1 0 |4 0 |7 0 |8 2 |a SNK |b SNK |d 2008-05-27 |i snk2008/11300 |l 0 |o snkČSB 4535/12/2003 |p 17A0574488 |r 2026-02-21 21:12:28 |t č. 1-12 |w 2026-02-21 |y PREZ | ||
| 952 | |0 0 |1 0 |4 0 |7 0 |8 2 |a SNK |b SNK |d 2002-04-11 |i snkČV 1534/95 |l 0 |o snkČSB 4535/1/1992 |p 17A0339804 |r 2005-01-02 00:00:00 |t č. 1-12, neúplné |w 2026-02-21 |y PREZ |z Chýba č. 4-12 | ||
| 952 | |0 0 |1 0 |4 0 |7 0 |8 2 |a SNK |b SNK |d 2002-04-11 |i snkČV 1535/95 |l 0 |o snkČSB 4535/1/1992 D1 |p 17A0339702 |r 2005-01-02 00:00:00 |t č. 1-12, neúplné |w 2026-02-21 |y PREZ |z Chýba č. 1, 4-12 | ||
| 952 | |0 0 |1 0 |4 0 |7 0 |8 2 |a SNK |b SNK |d 2002-04-11 |i snkČV 499/2001 |l 0 |o snkČSB 4535/3/1994 |p 17A0339894 |r 2005-01-02 00:00:00 |t č. 1-12, neúplné |w 2026-02-21 |y PREZ |z Chýba č. 11,12 | ||
| 952 | |0 0 |1 0 |4 0 |7 0 |8 2 |a SNK |b SNK |d 2002-04-11 |i snkČV 501/2001 |l 0 |o snkČSB 4535/4/1995 |p 17A0339701 |r 2005-01-02 00:00:00 |t č. 1-12, neúplné |w 2026-02-21 |y PREZ |z Chýba č. 1-4, 7-10 | ||
| 952 | |0 0 |1 0 |4 0 |7 0 |8 2 |a SNK |b SNK |d 2002-04-11 |i snkČV 502/2001 |l 0 |o snkČSB 4535/5/1996 |p 17A0339700 |r 2005-01-02 00:00:00 |t č. 1-12, neúplné |w 2026-02-21 |y PREZ |z Chýba č. 1-2, 6-12 | ||
| 952 | |0 0 |1 0 |4 0 |7 0 |8 2 |a SNK |b SNK |d 2002-04-11 |i snkČV 503/2001 |l 0 |o snkČSB 4535/6/1997 |p 17A0339699 |r 2005-01-02 00:00:00 |t č. 1-12, neúplné |w 2026-02-21 |y PREZ |z Chýba č. 4,6,9,10 | ||
| 952 | |0 0 |1 0 |4 0 |7 0 |8 2 |a SNK |b SNK |d 2002-04-11 |i snkČV 505/2001 |l 0 |o snkČSB 4535/7/1998 |p 17A0339698 |r 2005-01-02 00:00:00 |t č. 1-12, neúplné |w 2026-02-21 |y PREZ |z Chýba č. 6 | ||
| 952 | |0 0 |1 0 |4 0 |7 0 |8 2 |a SNK |b SNK |d 2014-09-26 |i snk2014/19814 |l 0 |o snkČSB 4535/20/2011 |p 17A0870192 |r 2026-02-21 21:44:28 |t č. 1-12 |w 2026-02-21 |y PREZ | ||
| 952 | |0 0 |1 0 |4 0 |7 0 |8 2 |a SNK |b SNK |d 2014-09-26 |i snk2014/19815 |l 0 |o snkČSB 4535/21/2012 |p 17A0870193 |r 2026-02-21 21:44:28 |t č. 1-12, neúpl. |w 2026-02-21 |y PREZ |z chýba č. 7-8 | ||
| 952 | |0 0 |1 0 |4 0 |7 0 |8 2 |a SNK |b SNK |d 2019-03-11 |i snkČV 500/2001 |l 0 |o snkČSB 4535/3/1994 D1 |p 17A1344243 |r 2026-02-21 21:51:10 |t č. 1-12, neúplné |w 2026-02-21 |y PREZ |z Chýba č. 5-12 | ||
| 952 | |0 0 |1 0 |4 0 |7 0 |8 2 |a SNK |b SNK |d 2019-03-11 |i snkČV 504/2001 |l 0 |o snkČSB 4535/6/1997 D1 |p 17A1344194 |r 2026-02-21 21:51:10 |t č. 1-12, neúplné |w 2026-02-21 |y PREZ |z Chýba č. 1,3,4,6-12 | ||
| 952 | |0 0 |1 0 |4 0 |7 0 |8 2 |a SNK |b SNK |d 2019-03-11 |i snkČV 506/2001 |l 0 |o snkČSB 4535/7/1998 D1 |p 17A1344195 |r 2026-02-21 21:51:11 |t č. 1-12, neúplné |w 2026-02-21 |y PREZ |z Chýba č. 2,4,6,8,10-12 | ||
| 952 | |0 0 |1 0 |4 0 |7 0 |8 2 |a SNK |b SNK |d 2016-01-26 |i snk2016/1968 |l 0 |o snkČSB 4535/22/2013 |p 17A1097812 |r 2026-02-21 21:54:04 |t č. 1-12 |w 2026-02-21 |y PREZ | ||
| 952 | |0 0 |1 0 |4 0 |7 0 |8 2 |a SNK |b SNK |d 2016-01-26 |i snk2016/1969 |l 0 |o snkČSB 4535/22/2013 D1 |p 17A1097813 |r 2026-02-21 21:54:07 |t č. 1-12, neúpl. |w 2026-02-21 |y PREZ |z chýba č. 4,9-12 | ||
| 952 | |0 0 |1 0 |4 0 |7 0 |8 2 |a SNK |b SNK |d 2017-04-05 |i snk2017/8271 |l 0 |o snkČSB 4535/23/2014 |p 17A1205823 |r 2026-02-21 22:04:18 |t č. 1-12 |w 2026-02-21 |y PREZ | ||
| 952 | |0 0 |1 0 |4 0 |7 0 |8 2 |a SNK |b SNK |d 2017-04-05 |i snk2017/8273 |l 0 |o snkČSB 4535/23/2014 D1 |p 17A1205824 |r 2026-02-21 22:04:18 |t č. 1-12, neúplné |w 2026-02-21 |y PREZ |z Chýba č. 6,10 | ||
| 952 | |0 0 |1 0 |4 0 |7 0 |8 1 |a SNK |b SNK |d 2018-05-16 |i snk2018/10597 |l 0 |o snkČSB 4535/8/1999 |p 17A1325053 |r 2026-02-21 22:05:32 |t č. 1-12, neúplné |w 2026-02-21 |y PREZ |z Chýba č. 1,2,5,7 | ||
| 952 | |0 0 |1 0 |4 0 |7 0 |8 1 |a SNK |b SNK |d 2018-05-16 |i snk2018/10599 |l 0 |o snkČSB 4535/9/2000 |p 17A1325054 |r 2026-02-21 22:05:32 |t č. 1-12, neúplné |w 2026-02-21 |y PREZ |z Chýba č. 3,6,10 | ||
| 952 | |0 0 |1 0 |4 0 |7 0 |8 1 |a SNK |b SNK |d 2018-05-16 |i snk2018/10602 |l 0 |o snkČSB 4535/10/2001 |p 17A1325055 |r 2026-02-21 22:05:32 |t č. 1-12, neúplné |w 2026-02-21 |y PREZ |z Chýba č. 2, 3, 5-10, 12 | ||
| 952 | |0 0 |1 0 |4 0 |7 0 |8 1 |a SNK |b SNK |d 2018-05-16 |i snk2018/10603 |l 0 |o snkČSB 4535/11/2002 |p 17A1325056 |r 2026-02-21 22:05:32 |t č. 1-12, neúplné |w 2026-02-21 |y PREZ |z Chýba č. 1, 3 ,5, 9, 12 | ||
| 952 | |0 0 |1 0 |4 0 |7 0 |8 2 |a SNK |b SNK |d 2016-04-25 |i snk2016/10606 |l 0 |o snkČSB 4535/16/2007 D1 |p 17A0635573 |r 2026-02-21 22:16:35 |t č. 1-12, neúplné |w 2026-02-21 |y PREZ |z chýba č. 1-6, 9-12 | ||
| 952 | |0 0 |1 0 |4 0 |7 0 |8 2 |a SNK |b SNK |d 2016-04-25 |i snk2016/10608 |l 0 |o snkČSB 4535/17/2008 D1 |p 17A1099090 |r 2026-02-21 22:16:35 |t č. 1-12, neúplné |w 2026-02-21 |y PREZ |z chýba č. 1-11 | ||
| 952 | |0 0 |1 0 |4 0 |7 0 |8 2 |a SNK |b SNK |d 2020-10-28 |i snk2020/19928 |l 0 |o snkČSB 4535/26/2017 |p 17A1432220 |r 2026-02-21 22:23:29 |t č. 1-12, neúplné |w 2026-02-21 |y PREZ |z Chýba č. 7-8, 11-12 | ||
| 952 | |0 0 |1 0 |4 0 |7 0 |8 2 |a SNK |b SNK |d 2018-01-31 |i snk2018/2796 |l 0 |o snkČSB 4535/24/2015 |p 17A1267062 |r 2026-02-21 22:25:47 |t č. 1-12 |w 2026-02-21 |y PREZ | ||
| 952 | |0 0 |1 0 |4 0 |7 0 |8 2 |a SNK |b SNK |d 2018-01-31 |i snk2018/2799 |l 0 |o snkČSB 4535/24/2015 D1 |p 17A1267063 |r 2026-02-21 22:25:47 |t č. 1-12 |w 2026-02-21 |y PREZ | ||


